00288nam a2200121Ia 4500008004100000100002200041245004400063260001700107300000800124650001000132942000700142999001700149190216s9999||||xx |||||||||||||| ||und|| aKarneethan Bharat 0aHindi-Fasal Kahai Ke Bhath Ki Pardogoga bNam Sahithya a152 aHindi cBK c16737d16737